South Eastern Kenya University

Library Online Public Access Catalogue


Psychology / (Record no. 6464)

MARC details
000 -LEADER
fixed length control field 00447cam a2200157 a 4500
020 ## - ISBN
International Standard Book Number 1572599820 (comp.)
020 ## - ISBN
International Standard Book Number 1572597917
050 00 - LIBRARY OF CONGRESS CALL NUMBER
Classification Number BF121
Item Number .M94 2001
100 1# - MAIN ENTRY--Author
Personal name Myers, David G.
245 10 - TITLE
Title Psychology /
Statement of responsibility, etc David G. Myers.
250 ## - EDITIONSTATEMENT
Edition statement 6th ed.
260 ## - PUBLICATION, DISTRIBUTION, ETC.(IMPRINT)
Place of publication, distribution, etc New York :
Name of publisher, distributor, etc Worth Publishers,
Date of publication, distribution, etc 2001.
300 ## - PHYSICAL DESCRIPTION
Extent 1 v. (various pagings) :
856 42 - URL/ELECTRONIC LOCATION AND ACCESS
Uniform Resource Identifier <a href="http://www.loc.gov/catdir/enhancements/fy0904/99087968-d.html">http://www.loc.gov/catdir/enhancements/fy0904/99087968-d.html</a>
942 ## - ADDED ENTRY ELEMENTS(KOHA)
Source of classification or shelving scheme Library of Congress Classification
Koha item type General circulation
Holdings
Source of classification or shelving scheme Not for loan Location (home branch) Sublocation (holding branch) Shelving location Date accessioned Full call number Koha item type Public note Barcode
Library of Congress Classification   Main Campus Library Main Campus Library   21/07/2015 BF121 .M94 2001 General circulation amm  
Library of Congress Classification   Wote Campus Library Wote Campus Library   18/02/2016 [WTE] BF121 .M94 2001 General circulation GM 2016/011374
Kitui, Kenya.
+254736116989
library@seku.ac.ke